| 000 | 01447nam a22002897a 4500 | ||
|---|---|---|---|
| 005 | 20170124103128.0 | ||
| 010 | _aB-076801 | ||
| 020 | _c50.00 | ||
| 035 | _aB-076801 | ||
| 037 | _bCen Lib/Ret | ||
| 040 |
_aDPL _bHN |
||
| 082 |
_a303 _bरामगो |
||
| 100 |
_aरामगोपाल सिंह _983706 |
||
| 245 |
_aसामाजिक नियंत्रण एवं सामाजिक परिवर्तन / _cरामगोपाल सिंह [और] भारती |
||
| 246 |
_aSamajik niyantran ewam samajik parivartan / _bby Ramgopal Singh [aur] Bharti |
||
| 250 | _aद्वितीय संस्करण | ||
| 260 |
_b मध्यप्रदेश हिन्दी ग्रन्थ अकादमी _aभोपाल _c2002 |
||
| 270 |
_bभोपाल _e462 003 _aरवीन्द्रनाथ ठाकुर मार्ग, बाणगंगा |
||
| 300 |
_a287पृ. _c21सेमी(सजिल्द) |
||
| 500 | _aअनुक्रमाणिका शामिल | ||
| 650 |
_aसामाजिक परिवर्तन _91200 |
||
| 650 |
_aसामाजिक परिवर्तन -- साधन और प्रक्रियाएँ _983707 |
||
| 650 |
_asocial change _983708 |
||
| 650 |
_aSocial change - means and procedures _983709 |
||
| 700 |
_aभारती _96954 |
||
| 942 |
_2ddc _cHN _h303 _mरामगो |
||
| 999 |
_c119178 _d119178 |
||